header

Human systems integration to enhance maritime domain awareness for port/harbour security (Record no. 245495)

MARC details
000 -LEADER
fixed length control field 01801nam a2200361 a 4500
245 00 - TITLE STATEMENT
Title Human systems integration to enhance maritime domain awareness for port/harbour security
260 ## - PUBLICATION, DISTRIBUTION, ETC. (IMPRINT)
Place of publication Amsterdam :
Name of publisher IOS Press,
Year of publication 2010.
300 ## - PHYSICAL DESCRIPTION
Number of Pages viii, 231 p. :
Other physical details ill. (some col.).
490 1# - SERIES STATEMENT
Series statement NATO science for peace and security series. Sub-series D, Information and communication security,
500 ## - GENERAL NOTE
General note "Published in cooperation with NATO Public Diplomacy Division."
650 #0 - SUBJECT ADDED ENTRY--TOPICAL TERM
Topical Term Harbors
700 1# - ADDED ENTRY--PERSONAL NAME
Personal name Shahbazian, E.
Personal name Rogova, Galina.
856 40 - ELECTRONIC LOCATION AND ACCESS
Uniform Resource Identifier http://site.ebrary.com/lib/rucke/Doc?id=10440461

No items available.

© 2026 Rongo University
Contact us: librarian | system librarian | Rongo university